| 000 | 00604nam a2200205Ia 4500 | ||
|---|---|---|---|
| 008 | 191130s2001##################000#0#eng## | ||
| 020 | _a9780333776469 | ||
| 022 | _a97065924 | ||
| 040 |
_aACL _cACL |
||
| 082 | _a302 GOU | ||
| 100 | _aGough, Brendan | ||
| 245 |
_aCritical social psychology _cBrendan Gough |
||
| 260 |
_aBasingstoke, Hampshire ; New York _bPalgrave Macmillan _c2001 |
||
| 300 | _ax, 257 p. ; 24 cm | ||
| 500 | _aIncludes bibliographical references and index | ||
| 650 | _aSocial psychology | ||
| 990 | _aaf4d6d2bac10000c47e51be3b50c98ae | ||
| 991 | _a222589 | ||
| 999 |
_c253926 _d253926 |
||